000 00432nam a22001577a 4500
005 20251108172328.0
008 250721s1982 xx 000 0 ara d
082 1 4 _aق/عاد
100 1 _aحمودة، عادل
245 1 0 _aأمريكا الجنة و النار /
264 1 _aالقاهرة :
_bروز اليوسف،
_c1982.
300 _a254ص
650 1 7 _aالقصص العربية
942 _2ddc
_cBK
999 _c76328
_d76328